000 00947nas a2200265Ia 4500
001 dg98-42358
003 IT-MiCISF
008 161014c99999999xx |||||||||||| ||und||
040 _aIT-MiCISF
_cIT-MiCISF
041 _aITALIANO
100 _aBanon Davide
210 _aItaca
222 _aItaca
245 0 _aDipendenze e depressione
250 _a1a ed.
260 _c2005
501 _bCISF - Centro Internazionale Studi Famiglia - Via Giotto, 36 20145 MILANO (non commercial uses only)
_cCopyright 2016
300 _app. 11-61
362 _a n. 26, maggio-agosto [2005]
500 _aCandotti S., Clerici M., Gatti R.C., Fischetti R., D'Incerti L. , Lo Russo A., Losasso D., Marasco M., Margutti E., Paties M., Staccioli M.C., Vidoli G. Tema: tossicodipendenza, salute-mentale, cura, terapia, terapia-familiare, case-studies
650 _aterapia
_vdossier
700 _aAA.VV.
942 _cCR
957 _71
999 _a42358
_bSi
_g1
_c218302
_d218302